[Event "2023 National K-12 Grade Championships"]
[Site "Orlando, Florida, United States"]
[Date "2023.12.17"]
[Round "7.1"]
[White "Huston, Gus"]
[Black "Cruz, Jean Marco"]
[Result "1-0"]
[TimeControl "G/90;d10"]
[WhiteElo "2481"]
[BlackElo "2270"]

1. d4 {[%clk 01:29:30]} {[%emt 00:00:40]} Nf6 {[%clk 01:28:07]} {[%emt
00:02:03]} 2. c4 {[%clk 01:29:30]} {[%emt 00:00:05]} e6 {[%clk 01:28:07]}
{[%emt 00:00:03]} 3. Nf3 {[%clk 01:29:16]} {[%emt 00:00:23]} b6 {[%clk
01:27:52]} {[%emt 00:00:25]} 4. e3 {[%clk 01:29:16]} {[%emt 00:00:07]} Bb7
{[%clk 01:27:52]} {[%emt 00:00:05]} 5. Bd3 {[%clk 01:29:16]} {[%emt 00:00:03]}
d5 {[%clk 01:27:13]} {[%emt 00:00:50]} 6. O-O {[%clk 01:28:18]} {[%emt
00:01:08]} Nbd7 {[%clk 01:27:06]} {[%emt 00:00:18]} 7. b3 {[%clk 01:28:02]}
{[%emt 00:00:26]} Be7 {[%clk 01:25:01]} {[%emt 00:02:14]} 8. Bb2 {[%clk
01:27:46]} {[%emt 00:00:26]} O-O {[%clk 01:24:42]} {[%emt 00:00:29]} 9. Nc3
{[%clk 01:23:20]} {[%emt 00:04:36]} c5 {[%clk 01:20:45]} {[%emt 00:04:07]} 10.
cxd5 {[%clk 01:22:59]} {[%emt 00:00:31]} cxd4 {[%clk 01:17:47]} {[%emt
00:03:09]} 11. Nxd4 {[%clk 01:21:08]} {[%emt 00:02:01]} Nxd5 {[%clk 01:17:32]}
{[%emt 00:00:25]} 12. Nxd5 {[%clk 01:16:58]} {[%emt 00:04:20]} Bxd5 {[%clk
01:16:52]} {[%emt 00:00:50]} 13. Rc1 {[%clk 01:14:27]} {[%emt 00:02:41]} Rc8
{[%clk 01:10:46]} {[%emt 00:06:17]} 14. Nb5 {[%clk 00:54:56]} {[%emt 00:19:40]}
Rxc1 {[%clk 00:52:04]} {[%emt 00:18:51]} 15. Qxc1 {[%clk 00:54:52]} {[%emt
00:00:14]} Nc5 {[%clk 00:52:04]} {[%emt 00:00:08]} 16. Bb1 {[%clk 00:53:56]}
{[%emt 00:01:06]} Ba8 {[%clk 00:51:55]} {[%emt 00:00:20]} 17. Rd1 {[%clk
00:46:19]} {[%emt 00:07:46]} Qc8 {[%clk 00:51:23]} {[%emt 00:00:43]} 18. Qc4
{[%clk 00:35:38]} {[%emt 00:10:51]} Rd8 {[%clk 00:37:38]} {[%emt 00:13:55]} 19.
Rxd8+ {[%clk 00:33:47]} {[%emt 00:02:01]} Qxd8 {[%clk 00:31:48]} {[%emt
00:06:00]} 20. Qd4 {[%clk 00:19:57]} {[%emt 00:14:01]} Qf8 {[%clk 00:23:20]}
{[%emt 00:08:38]} 21. Nxa7 {[%clk 00:19:48]} {[%emt 00:00:18]} Bf6 {[%clk
00:23:20]} {[%emt 00:00:06]} 22. Qd2 {[%clk 00:19:48]} {[%emt 00:00:03]} Bxb2
{[%clk 00:23:20]} {[%emt 00:00:06]} 23. Qxb2 {[%clk 00:19:48]} {[%emt
00:00:02]} Qd8 {[%clk 00:23:09]} {[%emt 00:00:22]} 24. Qd4 {[%clk 00:10:24]}
{[%emt 00:09:34]} Qe7 {[%clk 00:15:40]} {[%emt 00:07:39]} 25. Nb5 {[%clk
00:09:40]} {[%emt 00:00:53]} g6 {[%clk 00:15:40]} {[%emt 00:00:06]} 26. f4
{[%clk 00:07:47]} {[%emt 00:02:03]} h5 {[%clk 00:13:33]} {[%emt 00:02:17]} 27.
Nc3 {[%clk 00:06:04]} {[%emt 00:01:53]} Qa7 {[%clk 00:11:11]} {[%emt 00:02:33]}
28. h3 {[%clk 00:05:09]} {[%emt 00:01:04]} Nd7 {[%clk 00:10:00]} {[%emt
00:01:22]} 29. Be4 {[%clk 00:04:33]} {[%emt 00:00:46]} Bxe4 {[%clk 00:10:00]}
{[%emt 00:00:06]} 30. Nxe4 {[%clk 00:04:33]} {[%emt 00:00:01]} Qxa2 {[%clk
00:09:12]} {[%emt 00:00:58]} 31. Qxd7 {[%clk 00:04:33]} {[%emt 00:00:02]} Qb1+
{[%clk 00:09:12]} {[%emt 00:00:09]} 32. Kh2 {[%clk 00:04:33]} Qxe4 {[%clk
00:09:12]} {[%emt 00:00:07]} 33. Qd8+ {[%clk 00:04:33]} Kg7 {[%clk 00:07:45]}
{[%emt 00:01:38]} 34. Qxb6 {[%clk 00:04:33]} {[%emt 00:00:02]} e5 {[%clk
00:07:45]} {[%emt 00:00:06]} 35. Qc7 {[%clk 00:04:22]} {[%emt 00:00:21]} exf4
{[%clk 00:07:45]} {[%emt 00:00:08]} 36. Qxf4 {[%clk 00:04:13]} {[%emt
00:00:19]} Qb7 {[%clk 00:07:00]} {[%emt 00:00:56]} 37. b4 {[%clk 00:04:13]} Kh7
{[%clk 00:07:00]} {[%emt 00:00:08]} 38. Qc4 {[%clk 00:04:06]} {[%emt 00:00:17]}
Qb8+ {[%clk 00:04:54]} {[%emt 00:02:16]} 39. Kh1 {[%clk 00:04:06]} Kg8 {[%clk
00:04:38]} {[%emt 00:00:26]} 40. b5 {[%clk 00:04:06]} Qg3 {[%clk 00:04:38]}
{[%emt 00:00:10]} 41. Qf4 {[%clk 00:03:21]} {[%emt 00:00:54]} 1-0

[Event "2023 National K-12 Grade Championships"]
[Site "Orlando, Florida, United States"]
[Date "2023.12.17"]
[Round "7.2"]
[White "Stone, Vincent William"]
[Black "Lu, Maximillian"]
[Result "0-1"]
[TimeControl "G/90;d10"]
[WhiteElo "2191"]
[BlackElo "2436"]

1. e4 {[%clk 01:30:00]} {[%emt 00:00:01]} c6 {[%clk 01:23:03]} {[%emt
00:07:07]} 2. d4 {[%clk 01:30:00]} {[%emt 00:00:02]} d5 {[%clk 01:23:03]}
{[%emt 00:00:04]} 3. Nd2 {[%clk 01:30:00]} {[%emt 00:00:05]} dxe4 {[%clk
01:23:03]} {[%emt 00:00:05]} 4. Nxe4 {[%clk 01:30:00]} {[%emt 00:00:02]} Bf5
{[%clk 01:23:03]} {[%emt 00:00:02]} 5. Ng3 {[%clk 01:30:00]} {[%emt 00:00:01]}
Bg6 {[%clk 01:23:03]} {[%emt 00:00:10]} 6. h4 {[%clk 01:30:00]} {[%emt
00:00:03]} h6 {[%clk 01:23:03]} {[%emt 00:00:02]} 7. Nf3 {[%clk 01:30:00]}
{[%emt 00:00:02]} e6 {[%clk 01:23:01]} {[%emt 00:00:13]} 8. Ne5 {[%clk
01:28:40]} {[%emt 00:01:30]} Bh7 {[%clk 01:23:01]} {[%emt 00:00:01]} 9. Bd3
{[%clk 01:27:13]} {[%emt 00:01:41]} Bxd3 {[%clk 01:23:01]} {[%emt 00:00:03]} 10.
Qxd3 {[%clk 01:27:13]} {[%emt 00:00:06]} Nd7 {[%clk 01:23:00]} {[%emt
00:00:10]} 11. f4 {[%clk 01:20:16]} {[%emt 00:07:08]} Be7 {[%clk 01:22:52]}
{[%emt 00:00:18]} 12. Bd2 {[%clk 01:18:30]} {[%emt 00:01:56]} Bxh4 {[%clk
01:19:12]} {[%emt 00:03:50]} 13. O-O-O {[%clk 01:12:39]} {[%emt 00:06:02]} Nxe5
{[%clk 01:19:06]} {[%emt 00:00:16]} 14. fxe5 {[%clk 01:12:39]} {[%emt
00:00:09]} Bxg3 {[%clk 01:19:06]} {[%emt 00:00:08]} 15. Qxg3 {[%clk 01:12:39]}
{[%emt 00:00:07]} Ne7 {[%clk 01:19:06]} {[%emt 00:00:04]} 16. Qxg7 {[%clk
01:09:46]} {[%emt 00:03:01]} Rg8 {[%clk 01:19:03]} {[%emt 00:00:14]} 17. Qxh6
{[%emt 00:19:50]} Qxd4 {[%clk 00:57:30]} {[%emt 00:21:41]} 18. Bg5 {[%clk
00:39:04]} {[%emt 00:11:14]} Qxe5 {[%clk 00:53:59]} {[%emt 00:03:42]} 19. Bxe7
{[%clk 00:26:42]} {[%emt 00:12:32]} Kxe7 {[%clk 00:53:59]} {[%emt 00:00:10]} 20.
Kb1 {[%clk 00:25:36]} {[%emt 00:01:15]} Qg5 {[%clk 00:44:48]} {[%emt 00:09:22]}
21. Qh2 {[%clk 00:22:20]} {[%emt 00:03:25]} Qg3 {[%clk 00:42:47]} {[%emt
00:02:12]} 22. Qg1 {[%clk 00:20:36]} {[%emt 00:01:53]} b6 {[%clk 00:34:06]}
{[%emt 00:08:53]} 23. Qd4 {[%clk 00:18:27]} {[%emt 00:02:18]} Rgd8 {[%clk
00:24:57]} {[%emt 00:09:19]} 24. Qb4+ {[%clk 00:12:45]} {[%emt 00:05:52]} c5
{[%clk 00:21:09]} {[%emt 00:03:59]} 25. Qe4 {[%clk 00:12:23]} {[%emt 00:00:32]}
Rac8 {[%clk 00:16:19]} {[%emt 00:05:00]} 26. Rhf1 {[%clk 00:11:36]} {[%emt
00:00:57]} f5 {[%clk 00:14:47]} {[%emt 00:01:42]} 27. Qe2 {[%clk 00:06:46]}
{[%emt 00:05:01]} Rxd1+ {[%clk 00:11:03]} {[%emt 00:03:54]} 28. Rxd1 {[%clk
00:06:46]} Rg8 {[%clk 00:10:56]} {[%emt 00:00:18]} 29. Qa6 {[%clk 00:02:40]}
{[%emt 00:04:15]} Qc7 {[%clk 00:08:57]} {[%emt 00:02:10]} 30. Qc4 {[%clk
00:01:58]} {[%emt 00:00:50]} Rg4 {[%clk 00:06:29]} {[%emt 00:02:40]} 31. Qc3
{[%clk 00:01:58]} Qh2 {[%clk 00:05:04]} {[%emt 00:01:35]} 32. Qd2 {[%clk
00:01:13]} {[%emt 00:00:55]} Rd4 {[%clk 00:04:11]} {[%emt 00:01:03]} 33. Qg5+
{[%clk 00:01:13]} {[%emt 00:00:01]} Kf7 {[%clk 00:04:11]} 34. Rf1 {[%clk
00:00:41]} {[%emt 00:00:42]} Qh4 {[%clk 00:04:04]} {[%emt 00:00:18]} 35. Qe3
{[%clk 00:00:41]} {[%emt 00:00:09]} Qg4 {[%clk 00:03:30]} {[%emt 00:00:45]} 36.
Qe1 {[%clk 00:00:02]} {[%emt 00:00:47]} Qxg2 {[%clk 00:02:51]} {[%emt
00:00:49]} 37. a3 {[%clk 00:00:02]} {[%emt 00:00:01]} Qe4 {[%clk 00:02:39]}
{[%emt 00:00:22]} 38. Qg3 {[%clk 00:00:02]} {[%emt 00:00:06]} Qe2 {[%clk
00:02:18]} {[%emt 00:00:31]} 39. Qc7+ {[%clk 00:00:02]} {[%emt 00:00:04]} Kf6
{[%clk 00:02:18]} {[%emt 00:00:03]} 40. Rc1 {[%clk 00:00:02]} {[%emt 00:00:07]}
Rd1 {[%clk 00:02:18]} {[%emt 00:00:11]} 41. Rxd1 {[%clk 00:00:02]} Qxd1+ {[%clk
00:02:18]} 42. Ka2 {[%clk 00:00:02]} Qxc2 {[%clk 00:02:11]} {[%emt 00:00:16]}
43. Qxa7 {[%clk 00:00:02]} {[%emt 00:00:04]} Qc4+ {[%clk 00:02:09]} {[%emt
00:00:13]} 44. Ka1 {[%clk 00:00:02]} {[%emt 00:00:03]} b5 {[%clk 00:02:04]}
{[%emt 00:00:14]} 45. Qb8 {[%clk 00:00:02]} {[%emt 00:00:04]} f4 {[%clk
00:02:04]} {[%emt 00:00:07]} 46. Qh8+ {[%clk 00:00:02]} {[%emt 00:00:03]} Kf5
{[%clk 00:02:04]} 47. Qh7+ {[%clk 00:00:02]} {[%emt 00:00:06]} Ke5 {[%clk
00:02:04]} {[%emt 00:00:07]} 48. Qg7+ {[%clk 00:00:02]} {[%emt 00:00:05]} Ke4
{[%clk 00:02:04]} {[%emt 00:00:06]} 49. Qg6+ {[%clk 00:00:02]} {[%emt
00:00:05]} Kd5 {[%clk 00:02:00]} {[%emt 00:00:16]} 50. Qh5+ {[%clk 00:00:02]}
{[%emt 00:00:05]} Kd4 {[%clk 00:01:54]} {[%emt 00:00:16]} 51. Qd1+ {[%clk
00:00:02]} {[%emt 00:00:03]} Qd3 {[%clk 00:01:44]} {[%emt 00:00:21]} 52. Qg1+
{[%clk 00:00:02]} Kd5 {[%clk 00:01:34]} {[%emt 00:00:21]} 53. Qg5+ {[%clk
00:00:02]} e5 {[%clk 00:01:34]} {[%emt 00:00:07]} 54. Qg8+ {[%clk 00:00:02]}
Kd4 {[%clk 00:01:34]} {[%emt 00:00:04]} 55. Qg1+ {[%clk 00:00:02]} {[%emt
00:00:04]} Qe3 {[%clk 00:01:17]} {[%emt 00:00:27]} 56. Qd1+ {[%clk 00:00:02]}
{[%emt 00:00:01]} Ke4 {[%clk 00:01:17]} {[%emt 00:00:08]} 57. Qb1+ {[%clk
00:00:02]} {[%emt 00:00:03]} Qd3 {[%clk 00:01:17]} {[%emt 00:00:08]} 58. Qe1+
{[%clk 00:00:02]} {[%emt 00:00:02]} Kf5 {[%clk 00:01:17]} {[%emt 00:00:02]} 59.
Qh1 {[%clk 00:00:02]} {[%emt 00:00:04]} Qg3 {[%clk 00:01:03]} {[%emt 00:00:24]}
60. Qh5+ {[%clk 00:00:02]} {[%emt 00:00:05]} Qg5 {[%clk 00:01:03]} {[%emt
00:00:08]} 61. Qh7+ {[%clk 00:00:02]} {[%emt 00:00:05]} Kg4 {[%clk 00:01:03]}
{[%emt 00:00:09]} 62. Qe4 {[%clk 00:00:02]} {[%emt 00:00:03]} Kg3 {[%clk
00:00:59]} {[%emt 00:00:14]} 63. Qe1+ {[%clk 00:00:02]} {[%emt 00:00:02]} Kf3
{[%clk 00:00:59]} {[%emt 00:00:08]} 64. Qf1+ {[%clk 00:00:02]} Ke4 {[%clk
00:00:59]} {[%emt 00:00:05]} 65. Qe2+ {[%clk 00:00:02]} {[%emt 00:00:02]} Kf5
{[%clk 00:00:59]} {[%emt 00:00:04]} 66. Qd3+ {[%clk 00:00:02]} {[%emt
00:00:05]} e4 {[%clk 00:00:59]} {[%emt 00:00:09]} 67. Qd7+ {[%clk 00:00:02]}
{[%emt 00:00:04]} Ke5 {[%clk 00:00:59]} {[%emt 00:00:07]} 68. Qc7+ {[%clk
00:00:02]} {[%emt 00:00:07]} Kd4 {[%clk 00:00:54]} {[%emt 00:00:15]} 69. Qd6+
{[%clk 00:00:02]} {[%emt 00:00:09]} Ke3 {[%clk 00:00:54]} {[%emt 00:00:03]} 70.
Qd1 {[%clk 00:00:02]} {[%emt 00:00:04]} Qg2 {[%clk 00:00:52]} {[%emt 00:00:12]}
71. Qe1+ {[%clk 00:00:02]} {[%emt 00:00:02]} Kf3 {[%clk 00:00:52]} {[%emt
00:00:03]} 72. Qd1+ {[%clk 00:00:02]} {[%emt 00:00:04]} Kg3 {[%clk 00:00:52]}
{[%emt 00:00:03]} 73. Qd8 {[%clk 00:00:02]} {[%emt 00:00:06]} f3 {[%clk
00:00:51]} {[%emt 00:00:12]} 74. Qg5+ {[%clk 00:00:02]} {[%emt 00:00:01]} Kf2
{[%clk 00:00:50]} {[%emt 00:00:12]} 75. Qd2+ {[%clk 00:00:02]} Kg1 {[%emt
00:00:09]} 76. Qe3 {[%clk 00:00:02]} {[%emt 00:00:01]} f2 {[%clk 00:00:50]}
{[%emt 00:00:05]} 77. Ka2 {[%clk 00:00:02]} {[%emt 00:00:04]} Kh1 {[%clk
00:00:32]} {[%emt 00:00:28]} 78. Qh6+ {[%clk 00:00:02]} {[%emt 00:00:03]} Kg1
{[%clk 00:00:32]} {[%emt 00:00:07]} 79. Qe3 {[%clk 00:00:02]} Qg4 {[%clk
00:00:32]} {[%emt 00:00:05]} 80. a4 {[%clk 00:00:02]} {[%emt 00:00:09]} bxa4
{[%clk 00:00:32]} {[%emt 00:00:06]} 81. b3 {[%clk 00:00:02]} {[%emt 00:00:03]}
axb3+ {[%emt 00:00:09]} 82. Kb2 Kg2 {[%clk 00:00:32]} {[%emt 00:00:05]} 83. Qd2
{[%clk 00:00:02]} {[%emt 00:00:04]} Qg7+ {[%clk 00:00:32]} {[%emt 00:00:09]} 84.
Kb1 {[%clk 00:00:02]} {[%emt 00:00:01]} e3 {[%clk 00:00:27]} {[%emt 00:00:15]}
85. Qe2 {[%clk 00:00:02]} {[%emt 00:00:03]} Qg6+ {[%clk 00:00:27]} {[%emt
00:00:03]} 86. Ka1 {[%clk 00:00:02]} {[%emt 00:00:03]} Qf6+ {[%clk 00:00:27]}
{[%emt 00:00:06]} 87. Kb1 {[%clk 00:00:02]} {[%emt 00:00:01]} Qf3 {[%clk
00:00:27]} {[%emt 00:00:05]} 0-1

[Event "2023 National K-12 Grade Championships"]
[Site "Orlando, Florida, United States"]
[Date "2023.12.17"]
[Round "7.3"]
[White "Hyatt, Jessica"]
[Black "Baalla, Nura"]
[Result "1-0"]
[TimeControl "G/90;d10"]
[WhiteElo "2138"]
[BlackElo "2062"]

1. d4 {[%clk 01:26:27]} {[%emt 00:00:31]} Nf6 {[%clk 01:30:00]} {[%emt
00:00:06]} 2. c4 {[%clk 01:26:27]} {[%emt 00:00:08]} e6 {[%emt 00:00:15]} 3.
Nc3 {[%clk 01:26:24]} {[%emt 00:00:02]} d5 {[%clk 01:30:00]} {[%emt 00:00:04]}
4. cxd5 {[%clk 01:26:24]} {[%emt 00:00:05]} exd5 {[%clk 01:30:00]} {[%emt
00:00:04]} 5. Bg5 {[%clk 01:26:24]} {[%emt 00:00:02]} Be7 {[%clk 01:30:00]}
{[%emt 00:00:07]} 6. e3 {[%clk 01:26:19]} {[%emt 00:00:16]} O-O {[%clk
01:30:00]} {[%emt 00:00:08]} 7. Bd3 {[%clk 01:26:19]} {[%emt 00:00:05]} c6
{[%clk 01:30:00]} {[%emt 00:00:08]} 8. Qc2 {[%clk 01:26:18]} {[%emt 00:00:11]}
Nbd7 {[%clk 01:30:00]} {[%emt 00:00:07]} 9. Nf3 {[%emt 00:00:32]} Re8 {[%emt
00:00:19]} 10. O-O {[%clk 01:25:56]} {[%emt 00:00:13]} Nf8 {[%clk 01:29:35]}
{[%emt 00:00:24]} 11. Ne5 {[%emt 00:01:10]} g6 {[%emt 00:00:55]} 12. f4 {[%emt
00:03:28]} Ne6 {[%emt 00:03:13]} 13. h3 {[%emt 00:04:50]} Ng7 {[%emt 00:03:17]}
14. Rae1 {[%emt 00:04:11]} Bf5 {[%emt 00:07:50]} 15. g4 {[%emt 00:01:38]} Bxd3
{[%clk 01:14:30]} {[%emt 00:00:20]} 16. Qxd3 {[%emt 00:11:14]} Qc7 {[%emt
00:04:44]} 17. Qc2 {[%emt 00:11:15]} Qd6 {[%emt 00:00:59]} 18. f5 {[%emt
00:12:47]} gxf5 {[%clk 00:39:26]} {[%emt 00:01:16]} 19. gxf5 {[%emt 00:06:09]}
Nfh5 {[%emt 00:10:56]} 20. Bxe7 {[%clk 00:55:41]} {[%emt 00:00:32]} Rxe7 {[%clk
00:31:10]} {[%emt 00:01:15]} 21. Rf3 {[%emt 00:03:22]} Rxe5 {[%emt 00:03:04]}
22. dxe5 {[%clk 00:52:01]} {[%emt 00:00:07]} Qxe5 {[%emt 00:01:00]} 23. Qh2
{[%emt 00:02:24]} Qf6 {[%emt 00:03:10]} 24. e4 {[%emt 00:03:29]} d4 {[%emt
00:01:30]} 25. Nd1 {[%emt 00:00:54]} Kh8 {[%emt 00:03:08]} 26. Kh1 {[%emt
00:06:21]} Qh4 {[%emt 00:04:46]} 27. Nf2 {[%emt 00:02:24]} Rg8 {[%clk
00:14:06]} {[%emt 00:00:39]} 28. Rg1 {[%emt 00:09:28]} Qd8 {[%emt 00:02:15]} 29.
Qg2 {[%emt 00:02:20]} c5 {[%emt 00:03:31]} 30. Ng4 {[%clk 00:29:10]} {[%emt
00:04:07]} d3 {[%clk 00:01:59]} {[%emt 00:01:04]} 31. Nh6 {[%clk 00:28:54]}
{[%emt 00:00:26]} Rf8 {[%clk 00:01:09]} {[%emt 00:01:00]} 32. f6 {[%clk
00:28:54]} {[%emt 00:00:10]} Ne6 {[%clk 00:00:35]} {[%emt 00:00:44]} 33. Qg8+
{[%clk 00:28:54]} {[%emt 00:00:05]} 1-0

[Event "2023 National K-12 Grade Championships"]
[Site "Orlando, Florida, United States"]
[Date "2023.12.17"]
[Round "7.4"]
[White "Lyon, Juan Pablo"]
[Black "Trey, Justin"]
[Result "1-0"]
[TimeControl "G/90;d10"]
[WhiteElo "2068"]
[BlackElo "1938"]

1. e4 {[%clk 01:29:20]} {[%emt 00:00:38]} c6 {[%emt 00:00:27]} 2. d4 {[%clk
01:29:08]} {[%emt 00:00:01]} d5 {[%emt 00:00:13]} 3. exd5 {[%clk 01:29:02]}
{[%emt 00:00:08]} cxd5 {[%clk 01:30:00]} {[%emt 00:00:04]} 4. c4 {[%clk
01:29:02]} {[%emt 00:00:07]} Nf6 {[%clk 01:30:00]} {[%emt 00:00:04]} 5. Nc3
{[%clk 01:29:02]} {[%emt 00:00:05]} e6 {[%clk 01:30:00]} {[%emt 00:00:04]} 6.
Bg5 {[%emt 00:02:56]} Bb4 {[%emt 00:01:54]} 7. Nf3 {[%emt 00:01:30]} h6 {[%emt
00:17:27]} 8. Bh4 {[%emt 00:02:14]} Qa5 {[%emt 00:07:37]} 9. Bxf6 {[%emt
00:00:22]} Bxc3+ {[%clk 01:23:32]} {[%emt 00:00:37]} 10. bxc3 {[%emt 00:01:45]}
Qxc3+ {[%clk 01:21:59]} {[%emt 00:00:02]} 11. Nd2 {[%clk 01:02:14]} {[%emt
00:00:06]} gxf6 {[%emt 00:00:46]} 12. cxd5 {[%emt 00:06:53]} Qxd4 {[%emt
00:01:01]} 13. Rc1 {[%emt 00:01:57]} O-O {[%emt 00:09:57]} 14. Rc4 {[%emt
00:02:49]} Qe5+ {[%emt 00:00:48]} 15. Re4 {[%emt 00:02:29]} Qxd5 {[%emt
00:05:01]} 16. Bc4 {[%emt 00:02:54]} Qd6 {[%emt 00:01:35]} 17. Qh5 {[%emt
00:01:39]} f5 {[%emt 00:03:03]} 18. Re3 {[%emt 00:01:35]} Rd8 {[%emt 00:02:08]}
19. Rg3+ {[%clk 00:38:36]} {[%emt 00:00:07]} Kf8 {[%emt 00:00:11]} 20. Qxh6+
{[%clk 00:38:36]} {[%emt 00:00:03]} Ke7 {[%clk 01:03:30]} {[%emt 00:00:07]} 21.
Qh4+ {[%emt 00:01:30]} Kf8 {[%emt 00:15:13]} 22. Bd3 {[%emt 00:03:20]} Nc6
{[%emt 00:01:37]} 23. O-O {[%emt 00:03:08]} Ne5 {[%emt 00:01:35]} 24. Qh6+
{[%emt 00:02:01]} Ke7 {[%clk 00:53:31]} {[%emt 00:00:08]} 25. Qg5+ {[%emt
00:05:00]} Ke8 {[%clk 00:48:55]} {[%emt 00:00:09]} 26. Rh3 {[%emt 00:03:04]}
Ng6 {[%emt 00:02:16]} 27. Nc4 {[%emt 00:02:23]} Qf4 {[%emt 00:00:30]} 28. Rh8+
{[%emt 00:00:22]} 1-0